Programming with FORTRAN 77 : (Record no. 541745)

000 -LEADER
fixed length control field 00830cam a2200229 a 4500
020 ## - INTERNATIONAL STANDARD BOOK NUMBER
International Standard Book Number 0470213566 :
082 00 - DEWEY DECIMAL CLASSIFICATION NUMBER
Classification number 005.262 F
Author Mark DHA
-- NL-01,P-10
100 1# - MAIN ENTRY--PERSONAL NAME
Personal name Dhaliwal, R. S.
9 (RLIN) 36770
245 10 - TITLE STATEMENT
Title Programming with FORTRAN 77 :
Remainder of title a structured approach /
Statement of responsibility, etc. R.S. Dhaliwal, S. Kumar, S.K. Gupta.
260 ## - PUBLICATION, DISTRIBUTION, ETC.
Place of publication, distribution, etc. New York :
Name of publisher, distributor, etc. Wiley,
Date of publication, distribution, etc. 1989.
300 ## - PHYSICAL DESCRIPTION
Extent xii, 408 p., [5] p. of plates :
Other physical details ill. ;
Dimensions 25 cm.
500 ## - GENERAL NOTE
General note "First published in 1989 by Wiley Eastern Limited"--T.p. verso.
500 ## - GENERAL NOTE
General note Includes index.
526 ## - STUDY PROGRAM INFORMATION NOTE
Program name 0
Interest level 0
Reading level 0
Title point value 005_262000000000000_F_DHA
526 ## - STUDY PROGRAM INFORMATION NOTE
Program name 0
Interest level 0
Reading level 0
Title point value 005_262000000000000_F_DHA
526 ## - STUDY PROGRAM INFORMATION NOTE
Program name 0
Interest level 0
Reading level 0
Title point value 005_262000000000000_F_DHA
650 #0 - SUBJECT ADDED ENTRY--TOPICAL TERM
Topical term or geographic name entry element FORTRAN 77 (Computer program language)
9 (RLIN) 36771
650 #0 - SUBJECT ADDED ENTRY--TOPICAL TERM
Topical term or geographic name entry element NUST
9 (RLIN) 6342
700 1# - ADDED ENTRY--PERSONAL NAME
Personal name Gupta, S. K.
9 (RLIN) 36772
700 1# - ADDED ENTRY--PERSONAL NAME
Personal name Kumar, S.
9 (RLIN) 36773
942 ## - ADDED ENTRY ELEMENTS (KOHA)
Source of classification or shelving scheme
Koha item type Book
Holdings
Withdrawn status Lost status Source of classification or shelving scheme Damaged status Not for loan Permanent Location Current Location Date acquired Total Checkouts Full call number Barcode Date last seen Copy number Price effective from Koha item type
          Military College of Engineering (MCE) Military College of Engineering (MCE) 08/27/2013   005.262 F DHA MCE-29198 08/27/2013 01 08/27/2013 Book
          Military College of Engineering (MCE) Military College of Engineering (MCE) 08/27/2013   005.262 F DHA MCE-29432 08/27/2013 02 08/27/2013 Book
          Military College of Engineering (MCE) Military College of Engineering (MCE) 08/27/2013   005.262 F DHA MCE-30622 08/27/2013 03 08/27/2013 Book
© 2023 Central Library, National University of Sciences and Technology. All Rights Reserved.